Catalog

Record Details

Catalog Search



A plain vanilla murder  Cover Image Large Print Book Large Print Book

A plain vanilla murder / Susan Wittig Albert.

Summary:

China and Ruby Wilcox are presenting their annual "Not Just Plain Vanilla Workshop," always a huge hit with customers at Thyme & Seasons Herb Shop. But someone involved with the workshop is driven by a deadly motive, and China soon finds herself teaming up with the very pregnant Pecan Springs police chief Sheila Dawson to solve a vanilla-flavored murder. Sheila, happy to get out from behind the chief's desk, is investigating the death of a botany professor, a prominent researcher specializing in vanilla orchids. China is trying to help a longtime friend: the dead professor's ex-wife and a prime suspect in his murder. However, there's no shortage of other suspects: a betrayed lover, a disgruntled graduate student, jealous colleagues, and a gang of orchid smugglers. But the lethal roots of this mystery reach back into the dark tropical jungles of Mexico, where the vanilla vine was first cultivated. At stake: a lucrative plant patent, an orchid that is extinct in the wild, and the life of an innocent little girl. The series name is "A China Bayles Mystery"

Record details

  • ISBN: 9781432865290
  • ISBN: 1432865293
  • Physical Description: 437 pages (large print) ; 23 cm.
  • Edition: Large Print edition.
  • Publisher: Waterville, Maine : Thorndike Press, a part of Gale, a Cengage Company, 2019.

Content descriptions

General Note:
Sequel to: Queen Anne's lace.
Subject: Bayles, China (Fictitious character) > Fiction.
Orchids > Fiction.
Herbalists > Fiction.
Women detectives > Texas > Fiction.
College stories.
Large type books.
Genre: Detective and mystery fiction.

LDR 02718nam a22004698i 4500
001151739
003CONS
00520190628084628.0
008190412t20192019meu d 000 f eng
010 . ‡a 2019017220
020 . ‡a9781432865290 ‡q(large print; hardcover)
020 . ‡a1432865293 ‡q(large print; hardcover)
035 . ‡a(CPomAG)LMN613224
042 . ‡apcc
043 . ‡an-us-tx
05010. ‡aPS3551.L2637 ‡bP63 2019
08200. ‡a813/.54 ‡223
1001 . ‡aAlbert, Susan Wittig, ‡eauthor.
24512. ‡aA plain vanilla murder / ‡cSusan Wittig Albert.
250 . ‡aLarge Print edition.
264 1. ‡aWaterville, Maine : ‡bThorndike Press, a part of Gale, a Cengage Company, ‡c2019.
300 . ‡a437 pages (large print) ; ‡c23 cm.
336 . ‡atext ‡btxt ‡2rdacontent
337 . ‡aunmediated ‡bn ‡2rdamedia
338 . ‡avolume ‡bnc ‡2rdacarrier
340 . ‡nlarge print ‡n16 point ‡2rdafs
4901 . ‡aA China Bayles mystery
4901 . ‡aThorndike Press large print mystery
500 . ‡aSequel to: Queen Anne's lace.
520 . ‡aChina and Ruby Wilcox are presenting their annual "Not Just Plain Vanilla Workshop," always a huge hit with customers at Thyme & Seasons Herb Shop. But someone involved with the workshop is driven by a deadly motive, and China soon finds herself teaming up with the very pregnant Pecan Springs police chief Sheila Dawson to solve a vanilla-flavored murder. Sheila, happy to get out from behind the chief's desk, is investigating the death of a botany professor, a prominent researcher specializing in vanilla orchids. China is trying to help a longtime friend: the dead professor's ex-wife and a prime suspect in his murder. However, there's no shortage of other suspects: a betrayed lover, a disgruntled graduate student, jealous colleagues, and a gang of orchid smugglers. But the lethal roots of this mystery reach back into the dark tropical jungles of Mexico, where the vanilla vine was first cultivated. At stake: a lucrative plant patent, an orchid that is extinct in the wild, and the life of an innocent little girl. The series name is "A China Bayles Mystery"
60010. ‡aBayles, China ‡c(Fictitious character) ‡vFiction.
650 0. ‡aOrchids ‡vFiction.
650 0. ‡aHerbalists ‡vFiction.
650 0. ‡aWomen detectives ‡zTexas ‡vFiction.
650 0. ‡aCollege stories.
650 0. ‡aLarge type books.
655 7. ‡aDetective and mystery fiction. ‡2lcgft
8001 . ‡aAlbert, Susan Wittig. ‡tChina Bayles mysteries.
830 0. ‡aThorndike Press large print mystery series.
914 . ‡aSCP_LP
959 . ‡i32269001123622 ‡lF Alb ‡aAdult - Fiction ‡tFiction ‡g35.00
852 . ‡p32269001123622 ‡jF Alb ‡gAdult - Fiction ‡cFiction ‡y35.00 ‡bSBPL
901 . ‡a151739 ‡bUnknown ‡c151739 ‡tbiblio

Additional Resources